Datum a čas kvízu
33.5
Celkem bodů
Celkový počet nahraných bodů na tomto kvízu bez doplňovacích otázek.
6.
Pořadí na kvízu
Konečné umístění týmu na tomto kvízu.
Zaznamenané odpovědi
| # | Otázka | Odpověď | Body | Výsledky |
|---|---|---|---|---|
| 1. | Bývalá pražská primátorka Adri... | C) detektivní román | 1 | |
| 2. | Pomoc bližním v nouzi může mít... | posílá dárcům své nahé fotky | 1 | |
| 3. | Ve věku 86 let zemřel filmový... | Ivan Passer | 1 | |
| 4. | Skupina Kofola oznámila po krá... | (F. H.) Prager | 0 | |
| 5. | Ve čtvrtek začalo mistrovství... | o házené (mužů) | 0 | |
| 6. | Rožnovský tým Kačeři vyhrál mo... | Dave Gahan | 1 | |
| 7. | Jak se jmenuje umělec, který v... | Marilyn Manson | 1 | |
| 8. | Podle čeho si tato kapela vybr... | B) podle časopisu | 1 | |
| 9. | Gary Numan, Ultravox, Devo...... | synthpop | 0 | |
| 10. | Depešáci ovlivnili řadu hudebn... | Shalom | 1 |